Cities in Multiple States - Statistics

General Stats
  • This quiz has been taken 694 times
  • The average score is 12 of 27
Answer Stats
Population Answer % Correct
19,426,449 New York
93%
1,674,218 Kansas City
87%
8,671,746 Chicago
85%
5,696,125 Philadelphia
78%
2,156,323 St. Louis
77%
5,174,759 Washington
73%
4,382,009 Boston
72%
1,056,190 Memphis
69%
1,686,744 Cincinnati
65%
2,104,238 Portland
62%
854,584 El Paso
59%
1,379,873 Charlotte
54%
974,397 Louisville
50%
819,508 Omaha
45%
1,285,806 Providence
39%
446,529 Reno
36%
442,145 Springfield
24%
497,952 Toledo
24%
431,480 Augusta
20%
398,569 Chattanooga
18%
285,211 Davenport
16%
916,408 Bridgeport
15%
390,172 Pensacola
9%
373,687 Fayetteville
6%
482,085 Worcester
6%
621,703 Allentown
3%
298,954 Myrtle Beach
2%
No matching quizzes found
Score Distribution
Percent of People with Each Score
Percentile by Number Answered
Your Score History
You have not taken this quiz